<?xml version="1.0" encoding="UTF-8"?>
<record
    xmlns:xsi="http://www.w3.org/2001/XMLSchema-instance"
    xsi:schemaLocation="http://www.loc.gov/MARC21/slim http://www.loc.gov/standards/marcxml/schema/MARC21slim.xsd"
    xmlns="http://www.loc.gov/MARC21/slim">

  <leader>00345nam a2200133Ia 4500</leader>
  <controlfield tag="008">230901s2013    xx            000 0 und d</controlfield>
  <datafield tag="041" ind1=" " ind2=" ">
    <subfield code="a">eng</subfield>
  </datafield>
  <datafield tag="082" ind1=" " ind2=" ">
    <subfield code="a">171</subfield>
  </datafield>
  <datafield tag="100" ind1=" " ind2=" ">
    <subfield code="a">VATI,JOGINDAR</subfield>
  </datafield>
  <datafield tag="245" ind1=" " ind2=" ">
    <subfield code="a">NURSING MANAGMENT &amp; ADMINISTRATION BSC,MSC NURSING</subfield>
  </datafield>
  <datafield tag="260" ind1=" " ind2=" ">
    <subfield code="b">JAYPEE BROTHERS</subfield>
    <subfield code="c">2013</subfield>
  </datafield>
  <datafield tag="300" ind1=" " ind2=" ">
    <subfield code="a">680</subfield>
  </datafield>
  <datafield tag="650" ind1=" " ind2=" ">
    <subfield code="a">NURSING ADMINISTRATION </subfield>
  </datafield>
  <datafield tag="999" ind1=" " ind2=" ">
    <subfield code="c">870401</subfield>
    <subfield code="d">870401</subfield>
  </datafield>
  <datafield tag="952" ind1=" " ind2=" ">
    <subfield code="0">0</subfield>
    <subfield code="1">0</subfield>
    <subfield code="4">0</subfield>
    <subfield code="7">0</subfield>
    <subfield code="a">NCM</subfield>
    <subfield code="b">NCM</subfield>
    <subfield code="d">2016-09-19</subfield>
    <subfield code="g">625.00</subfield>
    <subfield code="l">2</subfield>
    <subfield code="o">171</subfield>
    <subfield code="p">NCM-N-3049</subfield>
    <subfield code="r">2024-08-01 00:00:00</subfield>
    <subfield code="s">2024-07-08</subfield>
    <subfield code="w">2023-09-02</subfield>
    <subfield code="y">BK</subfield>
  </datafield>
</record>
